The normal Christian life. (Record no. 5124)
[ view plain ]
| 000 -LEADER | |
|---|---|
| fixed length control field | 00536nam a22002057a 4500 |
| 001 - CONTROL NUMBER | |
| control field | 9402003 |
| 003 - CONTROL NUMBER IDENTIFIER | |
| control field | GBCCL |
| 005 - DATE AND TIME OF LATEST TRANSACTION | |
| control field | 20241126110534.0 |
| 008 - FIXED-LENGTH DATA ELEMENTS--GENERAL INFORMATION | |
| fixed length control field | 180228b ||||| |||| 00| 0 eng d |
| 040 ## - CATALOGING SOURCE | |
| Original cataloging agency | DLC |
| Transcribing agency | CarP |
| Modifying agency | DLC |
| 050 00 - | |
| -- | BV4501.2 |
| -- | .N4 1963 |
| 082 ## - DEWEY DECIMAL CLASSIFICATION NUMBER | |
| Classification number | 248 |
| Item number | NEE |
| 100 1# - MAIN ENTRY--PERSONAL NAME | |
| Personal name | Nee, Watchman. |
| 9 (RLIN) | 331 |
| 245 14 - TITLE STATEMENT | |
| Title | The normal Christian life. |
| 260 ## - PUBLICATION, DISTRIBUTION, ETC. | |
| Place of publication, distribution, etc. | Illinios, |
| Name of publisher, distributor, etc. | Tyndale |
| Date of publication, distribution, etc. | 1977 |
| 300 ## - PHYSICAL DESCRIPTION | |
| Extent | 285 p. |
| Dimensions | 19 cm. |
| 650 #0 - SUBJECT ADDED ENTRY--TOPICAL TERM | |
| Topical term or geographic name entry element | Christian life. |
| 9 (RLIN) | 183 |
| 906 ## - LOCAL DATA ELEMENT F, LDF (RLIN) | |
| a | 0 |
| b | cbc |
| c | premunv |
| d | u |
| e | ncip |
| f | 19 |
| g | y-gencatlg |
| 942 ## - ADDED ENTRY ELEMENTS (KOHA) | |
| Source of classification or shelving scheme | Dewey Decimal Classification |
| Koha item type | Books |
| Koha issues (borrowed), all copies | 3 |
| Withdrawn status | Lost status | Source of classification or shelving scheme | Damaged status | Not for loan | Home library | Current Library | Shelving location | Date acquired | Total checkouts | Full call number | Barcode | Date last seen | Copy number | Price effective from | Koha item type | Date last checked out |
|---|---|---|---|---|---|---|---|---|---|---|---|---|---|---|---|---|
| Dewey Decimal Classification | GRACE BIBLE COLLEGE | GRACE BIBLE COLLEGE | Ministry & Mission | 2018-02-28 | 248 NEE | 012803 | 2025-05-01 | c.2 | 2018-02-28 | Books | ||||||
| Dewey Decimal Classification | GRACE BIBLE COLLEGE | GRACE BIBLE COLLEGE | Ministry & Mission | 2018-02-28 | 1 | 248 NEE | 012804 | 2025-05-01 | c.3 | 2018-02-28 | Books | 2025-01-28 | ||||
| Dewey Decimal Classification | GRACE BIBLE COLLEGE | GRACE BIBLE COLLEGE | Ministry & Mission | 2018-02-28 | 248 NEE | 012805 | 2025-05-01 | c.4 | 2018-02-28 | Books | ||||||
| Dewey Decimal Classification | GRACE BIBLE COLLEGE | GRACE BIBLE COLLEGE | Ministry & Mission | 2018-02-28 | 1 | 248 NEE | 012806 | 2025-05-01 | c.5 | 2018-02-28 | Books | 2018-11-21 | ||||
| Dewey Decimal Classification | GRACE BIBLE COLLEGE | GRACE BIBLE COLLEGE | Ministry & Mission | 2018-05-02 | 248 NEE | 012802 | 2025-05-01 | c.1 | 2018-05-02 | Books | ||||||
| Dewey Decimal Classification | GRACE BIBLE COLLEGE | GRACE BIBLE COLLEGE | Ministry & Mission | 2018-07-23 | 248 NEE | 013463 | 2025-05-01 | c.6 | 2018-07-23 | Books | ||||||
| Dewey Decimal Classification | GRACE BIBLE COLLEGE | GRACE BIBLE COLLEGE | Ministry & Mission | 2018-07-23 | 2 | 248 NEE | 013464 | 2025-05-01 | c.7 | 2018-07-23 | Books | 2024-09-24 | ||||
| Dewey Decimal Classification | GRACE BIBLE COLLEGE | GRACE BIBLE COLLEGE | Ministry & Mission | 2018-07-23 | 248 NEE | 013465 | 2025-05-01 | c.8 | 2018-07-23 | Books |